Welcome to CU Library Online Public Access Catalogue (OPAC)

THE DYNAMICS OF MASS COMMUNICATION (Record no. 1902)

MARC details
000 -LEADER
fixed length control field 00553nam a22001937a 4500
003 - CONTROL NUMBER IDENTIFIER
control field OSt
005 - DATE AND TIME OF LATEST TRANSACTION
control field 20241202165019.0
008 - FIXED-LENGTH DATA ELEMENTS--GENERAL INFORMATION
fixed length control field 241202b |||||||| |||| 00| 0 eng d
020 ## - INTERNATIONAL STANDARD BOOK NUMBER
International Standard Book Number 0070178054
040 ## - CATALOGING SOURCE
Language of cataloging ENGLISH
Transcribing agency CENTRAL UNIVERSITY
050 ## - LIBRARY OF CONGRESS CALL NUMBER
Classification number P 90 DOM
100 ## - MAIN ENTRY--PERSONAL NAME
Personal name DOMINICK, JOSEPH. R.
245 ## - TITLE STATEMENT
Title THE DYNAMICS OF MASS COMMUNICATION
250 ## - EDITION STATEMENT
Edition statement 4th edition
260 ## - PUBLICATION, DISTRIBUTION, ETC.
Place of publication, distribution, etc. NEW YORK
Name of publisher, distributor, etc. McGRAW-HILL INC
Date of publication, distribution, etc. 1993
500 ## - GENERAL NOTE
General note xxiv, 616 pages, glossary and index
600 ## - SUBJECT ADDED ENTRY--PERSONAL NAME
Source of heading or term MASS MEDIA
942 ## - ADDED ENTRY ELEMENTS (KOHA)
Source of classification or shelving scheme Library of Congress Classification
Koha item type Books
Edition 4th edition
Classification part P 90 DOM
Suppress in OPAC No
Holdings
Withdrawn status Lost status Source of classification or shelving scheme Damaged status Not for loan Collection Home library Current library Shelving location Date acquired Total checkouts Full call number Barcode Date last seen Copy number Price effective from Koha item type
    Library of Congress Classification     Non-fiction Business Library (Miotso) Business Library (Miotso) General stacks 03/27/2026   P90 DOM BSSM00003062 03/27/2026 3 03/27/2026 Books
    Library of Congress Classification     Non-fiction Business Library (Miotso) Business Library (Miotso) General stacks 03/27/2026   P90 DOM BSSM00003063 03/27/2026 4 03/27/2026 Books
    Library of Congress Classification     Non-fiction Business Library (Miotso) Business Library (Miotso) General stacks 03/27/2026   P90 DOM BSSM00003064 03/27/2026 5 03/27/2026 Books
    Library of Congress Classification     Non-fiction Business Library (Miotso) Business Library (Miotso) General stacks 03/27/2026   P90 .D59 DOM BSSM00003904 04/24/2026 1 03/27/2026 Books
    Library of Congress Classification     Non-fiction Graduate Library (Christ Temple) Graduate Library (Christ Temple) General stacks 12/02/2024   P 90 DOM GSCT00000218 12/02/2024 1 12/02/2024 Books
    Library of Congress Classification     Non-fiction Graduate Library (Christ Temple) Graduate Library (Christ Temple) General stacks 12/02/2024   P 90 DOM GSCT00000219 12/02/2024 2 12/02/2024 Books
© 2023-2024 Copyright: Central University Libraries. All Rights Reserved | Created by: Mahone Tech Office